Současný rozvoj knihovnictví v SSSR : sborník ustanovení, instrukcí a výnosů o knihovnictví a příspěvků ze zkušeností sovětských knihovnických pracovníků /

Main Author: Burgetová, Jarmila, 1931-2016
Language: Czech
Published: Praha : Státní knihovna ČSSR, 1965
Series: Knihovnické zkušenosti SSSR a socialistických zemí
Physical Description: 90 s.
Book
Saved in:
LEADER 00916nam a2200205 a 4500
001 000593263
003 CZ BrMZK
005 20031107114730.0
007 ta
008 020403s1965 xr f cze d
040 |a BOA001  |b cze  |c BOA001 
100 1 |a Burgetová, Jarmila,  |d 1931-2016  |7 jk01020335  |4 wfw  |4 trl 
245 1 0 |a Současný rozvoj knihovnictví v SSSR :  |b sborník ustanovení, instrukcí a výnosů o knihovnictví a příspěvků ze zkušeností sovětských knihovnických pracovníků /  |c uspořádala, úvod napsala a přeložila Jarmila Burgetová 
260 |a Praha :  |b Státní knihovna ČSSR,  |c 1965 
300 |a 90 s. 
490 1 |a Knihovnické zkušenosti SSSR a socialistických zemí ;  |v sv. 5 
830 0 |a Knihovnické zkušenosti SSSR a socialistických zemí 
910 |a BOA001  |b 4-0551.144 
990 |a BK 
996 6 |b BC-20948  |c 4-0551.144  |l MZK  |r Sklad / do 1 hodiny  |n 0  |w 000593263  |u 000010  |a 1  |e BOA001  |j MZK50  |s P